000 00509nam a2200193 i 4500
001 bgj
100 1 _aARONSON, Trudy
245 1 0 _aEnglish grammar digest /
_cTrudy Aronson.
260 _aEnglewood Cliffs, NJ :
_bPrentice Hall, Inc.,
_cc. 1984.
300 _aX, 214 pp ;
_c28 cm.
505 _aIncludes index.
650 9 _aEnglish language
_xGrammar
020 _a013281014X
040 _cBPK
041 0 _aeng
920 _a0-13-281014-X
942 _cKS
008 s uk f |000 0 eng
999 _c47804
_d47804
856 _uhttp://koha.tu.koszalin.pl/cgi-bin/koha/opac-detail.pl?biblionumber=47804
_yKatalog online BPK